00428cam a2200169ua 45000010005000000080039000050200015000440400009000590410008000680820010000761000027000862450063001132500017001762600032001933000010002256530023002359546160203n ii |||gr||||Z||||||eng a812192300X cMAIN aeng a658.3 aKhanka, S.S.,eAuthor. aHuman resource management (text and cases)cby S.S. Khanka a1st ed. rep. aNew Delhi:bS Chand,c2014. a449p. aGeneral management